[Event "Sparkassen Open A"]
[Site "Dortmund GER"]
[Date "2012.07.16"]
[Round "3.44"]
[White "Simon, Thomas"]
[Black "Oberste, Norbert"]
[Result "1-0"]
[WhiteElo "1950"]
[BlackElo "1811"]
[WhiteFideId "24645990"]
[BlackFideId "24608432"]
[EventDate "2012.07.14"]

1. Nf3 f5 2. g3 Nf6 3. Bg2 e6 4. d4 d5 5. O-O Bd6 6. c4 c6 7. b3 Qe7 8. c5 Bc7
9. Bf4 Bd8 10. Bd6 Qf7 11. Ne5 Qh5 12. Nd2 Ng4 13. Nxg4 Qxg4 14. Nf3 Nd7 15. h3
Qh5 16. Ne5 Nxe5 17. dxe5 g5 18. f3 f4 19. e3 fxe3 20. Qe2 Qg6 21. Qxe3 h5 22.
f4 gxf4 23. gxf4 Rg8 24. Qe2 Bh4 25. Kh1 Qf5 26. Rf3 Bd7 27. Rg1 O-O-O 28. Qd2
b6 29. Qe2 Kb7 30. b4 Rg3 31. Rxg3 Bxg3 32. Be7 Rg8 33. Bg5 h4 34. a4 b5 35.
axb5 cxb5 36. Qa2 Bc6 37. Ra1 Rd8 38. Qa6+ Kc7 39. Qa5+ Kd7 40. Qa3 Qc2 41. Qf3
Qf5 42. Qg4 Qh7 43. Rd1 Re8 44. Ra1 Kc8 45. Qf3 Rf8 46. Bf6 Qb7 47. Qg4 Qf7 48.
f5 exf5 49. Qxf5+ Kb7 50. Rf1 Re8 51. Qd3 Qe6 52. Qh7+ Kb8 53. Bxh4 Bxe5 54. Re1
Rh8 55. Qxh8+ 1-0

[Event "Sparkassen Open A"]
[Site "Dortmund GER"]
[Date "2012.07.16"]
[Round "3.45"]
[White "Pedersen, Lars Wisler"]
[Black "Bausch, Thomas"]
[Result "1/2-1/2"]
[WhiteElo "1853"]
[BlackElo "1947"]
[WhiteFideId "1417045"]
[BlackFideId "24611115"]
[EventDate "2012.07.14"]

1. e4 c5 2. c3 g6 3. Nf3 Bg7 4. Be2 Nc6 5. O-O d5 6. exd5 Qxd5 7. Na3 Nf6 8. d4
cxd4 9. Nb5 Qd8 10. Nbxd4 Nxd4 11. Nxd4 O-O 12. Be3 Nd5 13. Bg5 Re8 14. Bc4 Nb6
15. Bb3 h6 16. Bh4 g5 17. Bg3 e5 18. Nb5 Qe7 19. Nd6 Rd8 20. Nxc8 Raxc8 21. Qe2
Re8 22. Rfd1 Nd7 23. Rd2 Rcd8 24. Rad1 Nc5 25. Bc4 Rxd2 26. Rxd2 Rd8 27. Rxd8+
Qxd8 28. Bxe5 Bxe5 29. Qxe5 Qd1+ 30. Bf1 Nd3 31. Qb8+ Kg7 32. Qxb7 Nf4 33. Qe4
Qa1 34. g3 Ng6 35. Qd4+ Kg8 36. b3 Qxa2 37. Bc4 Qb1+ 38. Kg2 Qf5 39. Bd3 Nf4+
40. Qxf4 Qxd3 41. Qb8+ Kh7 42. Qe5 g4 43. Qe3 Qd5+ 44. Kf1 Qd1+ 45. Kg2 Qd5+ 46.
f3 gxf3+ 47. Qxf3 Qxb3 48. Qd3+ Kg8 49. Qe3 Qd5+ 50. Kg1 Qd1+ 51. Kf2 Qc2+ 52.
Kg1 Qd1+ 53. Kf2 Qc2+ 54. Kg1 Qb1+ 55. Kf2 Qc2+ 1/2-1/2

[Event "Sparkassen Open A"]
[Site "Dortmund GER"]
[Date "2012.07.17"]
[Round "4.1"]
[White "Zatonskih, V."]
[Black "Zaitsev, Mikhail"]
[Result "1/2-1/2"]
[WhiteTitle "FM"]
[BlackTitle "IM"]
[WhiteElo "2276"]
[BlackElo "2505"]
[WhiteFideId "14102161"]
[BlackFideId "4127560"]
[EventDate "2012.07.14"]

1. d3 e5 2. c4 Bb4+ 3. Bd2 Bxd2+ 4. Qxd2 d6 5. Nc3 Nc6 6. g3 f5 7. Bg2 Nf6 8. e4
O-O 9. Nge2 Kh8 10. O-O Be6 11. Nd5 Rb8 12. Rac1 Ne7 13. Qa5 Bxd5 14. cxd5 1/2-1/2

[Event "Sparkassen Open A"]
[Site "Dortmund GER"]
[Date "2012.07.17"]
[Round "4.2"]
[White "Gindi, Shachar"]
[Black "Scheider, Julian"]
[Result "0-1"]
[WhiteElo "2245"]
[BlackElo "2290"]
[WhiteFideId "2804182"]
[BlackFideId "24601284"]
[EventDate "2012.07.14"]

1. Nf3 Nf6 2. c4 g6 3. g3 Bg7 4. Bg2 c6 5. O-O O-O 6. b3 Ne4 7. d4 d5 8. Bb2 a5
9. Nc3 Nxc3 10. Bxc3 b5 11. Ne5 Be6 12. cxb5 cxb5 13. Qd2 Qb6 14. e4 Rd8 15.
exd5 Bxd5 16. Bxd5 Rxd5 17. Qf4 Qe6 18. Rfe1 Qf5 19. Qxf5 gxf5 20. Rac1 Bxe5 21.
Rxe5 Rxe5 22. dxe5 Nc6 23. a4 Rb8 24. Kf1 e6 25. Ke2 Kg7 26. Kd3 Rd8+ 27. Ke3
Rd5 28. f4 Kg6 29. Rc2 Rc5 30. Kd3 Kh5 31. axb5 Rxb5 32. Kc4 Rb8 33. Ra2 Rc8 34.
Kd3 Nb4+ 35. Bxb4 axb4 36. Rc2 Rxc2 37. Kxc2 Kg4 38. Kd3 Kh3 39. Kc4 Kxh2 40.
Kxb4 Kxg3 41. Kc3 h5 42. b4 h4 43. b5 h3 44. b6 h2 45. b7 h1=Q 46. b8=Q Kxf4 47.
Qa7 Qc1+ 48. Kd3 Qd1+ 49. Kc3 Qe1+ 50. Kd3 Qe4+ 51. Kd2 Qd5+ 52. Kc2 Qxe5 53.
Qxf7 Qe2+ 54. Kb1 e5 55. Qc7 Kf3 56. Qf7 Qe4+ 57. Ka1 Kf2 58. Qa2+ Kf1 59. Qa6+
Qe2 60. Qb7 e4 61. Qh7 Qf3 62. Qb7 f4 63. Qb1+ Kf2 64. Qb2+ Kg1 65. Qb6+ e3 66.
Qg6+ Qg2 67. Qh6 e2 68. Qb6+ Qf2 69. Qg6+ Qg3 70. Qb6+ Qe3 71. Qg6+ Kf2 72. Qc2
Qc3+ 0-1

[Event "Sparkassen Open A"]
[Site "Dortmund GER"]
[Date "2012.07.17"]
[Round "4.4"]
[White "Webb, Laurence E"]
[Black "Jesse, Ingemars"]
[Result "1/2-1/2"]
[WhiteTitle "FM"]
[WhiteElo "2265"]
[BlackElo "2349"]
[WhiteFideId "402389"]
[BlackFideId "11602724"]
[EventDate "2012.07.14"]

1. e4 c5 2. Nf3 e6 3. c3 d5 4. exd5 Qxd5 5. d4 Nf6 6. Be3 cxd4 7. cxd4 Be7 8.
Nc3 Qd8 9. Bd3 O-O 10. O-O b6 11. Qe2 Bb7 12. Rad1 Nd5 13. Ne5 Nxc3 14. bxc3 Nd7
15. Bf4 Rc8 16. c4 Nxe5 17. Bxe5 Bf6 18. Rfe1 Bxe5 19. Qxe5 Qf6 20. Qxf6 gxf6
21. d5 Rfe8 22. f4 Ba6 23. Rc1 Red8 24. dxe6 fxe6 25. Rxe6 Bxc4 26. Bxc4 Rd1+
27. Re1+ Rxc4 28. Rcxd1 Ra4 29. Rd2 Kg7 30. g3 Kg6 31. Kg2 Ra3 32. Kh3 b5 33.
Kh4 Ra6 34. g4 Rc6 35. f5+ Kh6 36. Rd7 Rc2 37. Rxa7 Rxh2+ 38. Kg3 Rc2 39. Kh4
Rh2+ 40. Kg3 Rc2 41. Kh4 1/2-1/2

[Event "Sparkassen Open A"]
[Site "Dortmund GER"]
[Date "2012.07.17"]
[Round "4.5"]
[White "Schulze, Torben"]
[Black "Ciornei, Dragos"]
[Result "1-0"]
[WhiteElo "2309"]
[BlackElo "2182"]
[WhiteFideId "24630560"]
[BlackFideId "4619200"]
[EventDate "2012.07.14"]

1. e4 e5 2. Nf3 Nc6 3. d4 exd4 4. Nxd4 Bc5 5. Be3 Qf6 6. c3 Nge7 7. Bc4 b6 8.
Qd2 Bb7 9. b4 Bxd4 10. cxd4 Qg6 11. f3 O-O-O 12. Nc3 f5 13. O-O Nxb4 14. d5 d6
15. Qb2 Na6 16. Qa3 Nc5 17. Qxa7 fxe4 18. fxe4 Rhf8 19. Rxf8 Rxf8 20. Bxc5 dxc5
21. Ba6 Bxa6 22. Qa8+ Kd7 23. Qxf8 Qg5 24. Qf2 Qe5 25. Qe3 Kc8 26. Rd1 Kb7 27.
Qg3 Ng6 28. Qxe5 Nxe5 29. d6 cxd6 30. Rxd6 Bc4 31. a4 Kc7 32. Rd1 Kc6 33. Rd8 h5
34. Kf2 b5 35. axb5+ Kb6 36. Rb8+ Kc7 37. Re8 Ng4+ 38. Kg3 Kb6 39. h3 Nf6 40.
Re7 g5 41. h4 1-0

[Event "Sparkassen Open A"]
[Site "Dortmund GER"]
[Date "2012.07.17"]
[Round "4.7"]
[White "Sundorf, Jannik"]
[Black "Kartsev, Soel"]
[Result "1-0"]
[WhiteElo "2170"]
[BlackElo "2198"]
[WhiteFideId "12905380"]
[BlackFideId "4130561"]
[EventDate "2012.07.14"]

1. d4 Nf6 2. c4 g6 3. g3 Bg7 4. Bg2 O-O 5. Nc3 d6 6. Nf3 Nbd7 7. O-O e5 8. e4 c6
9. h3 exd4 10. Nxd4 Nc5 11. Re1 Re8 12. Bf4 Nh5 13. Be3 Nf6 14. Bf4 Nh5 15. Be3
a5 16. Qd2 a4 17. Rad1 Bf8 18. Nxc6 bxc6 19. Bxc5 Bxh3 20. Bxh3 dxc5 21. Bd7 Qf6
22. Bxe8 Rxe8 23. Nxa4 Re5 24. Nb6 Nxg3 25. fxg3 Rg5 26. Qf2 Qe6 27. Nd7 Bg7 28.
e5 Qh3 29. Rd3 Rf5 30. Nf6+ Bxf6 31. exf6 h5 32. Rd8+ Kh7 33. Qe3 g5 34. Qd3 Kh6
35. Rh8+ Kg6 36. Re5 1-0

[Event "Sparkassen Open A"]
[Site "Dortmund GER"]
[Date "2012.07.17"]
[Round "4.8"]
[White "Steinmetzer, Thomas"]
[Black "Torres-Kuckel, Rafael"]
[Result "0-1"]
[BlackTitle "FM"]
[WhiteElo "2114"]
[BlackElo "2306"]
[WhiteFideId "4689690"]
[BlackFideId "4625072"]
[EventDate "2012.07.14"]

1. e4 c5 2. Nf3 e6 3. d4 cxd4 4. Nxd4 a6 5. g3 Qc7 6. Bg2 Nf6 7. O-O Be7 8. Be3
d6 9. c4 Nbd7 10. f4 h5 11. h3 Qxc4 12. Nd2 Qc7 13. Rc1 Qd8 14. b4 g6 15. Qb3 e5
16. N4f3 O-O 17. f5 gxf5 18. Bh6 Nh7 19. exf5 Re8 20. Ne4 d5 21. Qxd5 Qb6+ 22.
Kh2 Qxh6 23. Rxc8 Raxc8 24. Qxd7 Nf6 25. Qxb7 Rb8 26. Nxf6+ Qxf6 27. Qd5 Bxb4
28. h4 Rbd8 29. Qb3 Bd2 30. Rf2 Bh6 31. Ne1 e4 32. Rc2 Qxf5 33. Qb6 Bd2 34. Bh3
Qb5 35. Qf2 e3 36. Qg1 Qe2+ 37. Ng2 Qd3 38. Rc5 e2 39. Nf4 e1=Q 40. Rg5+ Kf8 41.
Qc5+ Qd6 0-1

[Event "Sparkassen Open A"]
[Site "Dortmund GER"]
[Date "2012.07.17"]
[Round "4.9"]
[White "Piepho, Niels"]
[Black "Faust, Martin"]
[Result "1-0"]
[WhiteElo "2301"]
[BlackElo "2133"]
[WhiteFideId "4624262"]
[BlackFideId "4623517"]
[EventDate "2012.07.14"]

1. Nf3 c6 2. g3 d5 3. Bg2 Nf6 4. O-O Bf5 5. b3 e6 6. Bb2 Nbd7 7. d4 Bd6 8. Nbd2
h6 9. Ne5 O-O 10. e3 Bxe5 11. dxe5 Ng4 12. e4 dxe4 13. Nxe4 Bxe4 14. Bxe4 Ndxe5
15. Qe2 f5 16. Bg2 Nf7 17. Qxe6 Qc8 18. Qc4 Kh7 19. Rfe1 Qc7 20. h3 Nge5 21. Qf4
Rae8 22. Qxf5+ Kg8 23. Ba3 Qa5 24. Bxf8 Nf3+ 25. Qxf3 Rxe1+ 26. Rxe1 Qxe1+ 27.
Kh2 Kxf8 28. Qf5 Qb4 29. Bf1 Qd6 30. Bc4 1-0

[Event "Sparkassen Open A"]
[Site "Dortmund GER"]
[Date "2012.07.17"]
[Round "4.10"]
[White "Boehm, Juergen2"]
[Black "Brem, Stephan"]
[Result "0-1"]
[WhiteElo "2225"]
[BlackElo "2121"]
[WhiteFideId "4606434"]
[BlackFideId "4617266"]
[EventDate "2012.07.14"]

1. d4 f5 2. Nf3 Nf6 3. h3 d6 4. g4 fxg4 5. hxg4 Bxg4 6. Ng5 d5 7. Qd3 Qd7 8. f3
Bf5 9. e4 Bg6 10. Bh3 Qc6 11. Nc3 Nbd7 12. Bf4 e6 13. O-O-O Bb4 14. Nxe6 Bxc3
15. Nxc7+ Kf7 16. Qxc3 Qxc3 17. bxc3 dxe4 18. Nxa8 Rxa8 19. fxe4 Bxe4 20. Rhe1
Bd5 21. Bd6 Ne4 22. c4 Nxd6 23. cxd5 Nf6 24. Be6+ Kf8 25. Kb2 g5 26. Kb3 b5 27.
Rd3 a5 28. Rc3 Kg7 29. Rc6 a4+ 30. Kb4 Rd8 31. Re5 h6 32. Kc5 Nfe4+ 33. Rxe4
Nxe4+ 34. Kxb5 h5 35. c4 g4 36. Rc7+ Kf6 37. Rf7+ Kg5 38. c5 g3 39. Rg7+ Kf4 40.
c6 0-1

[Event "Sparkassen Open A"]
[Site "Dortmund GER"]
[Date "2012.07.17"]
[Round "4.11"]
[White "Schorra, Helmut"]
[Black "Wagner, Alexej"]
[Result "1-0"]
[WhiteElo "2081"]
[BlackElo "2216"]
[WhiteFideId "4648692"]
[BlackFideId "4129555"]
[EventDate "2012.07.14"]

1. e4 c5 2. Nf3 d6 3. d4 cxd4 4. Nxd4 Nf6 5. f3 a6 6. c4 e6 7. Nc3 Be7 8. Be3
Qc7 9. Rc1 O-O 10. Be2 Nbd7 11. O-O b6 12. Qd2 Bb7 13. Rfd1 Rac8 14. Bf1 Rfe8
15. Qf2 Bf8 16. b3 Qb8 17. g4 d5 18. cxd5 exd5 19. g5 Nh5 20. Bh3 Rcd8 21. Qh4
g6 22. Bg4 Ng7 23. Nde2 Bc5 24. Bxc5 Nxc5 25. exd5 a5 26. Ng3 Qf4 27. Nge4 Nxe4
28. Nxe4 Rxe4 29. fxe4 Qxe4 30. Qg3 Rxd5 31. Rxd5 Bxd5 32. Rc8+ Ne8 33. Bf3 Qb1+
34. Kf2 Qxa2+ 35. Be2 1-0

[Event "Sparkassen Open A"]
[Site "Dortmund GER"]
[Date "2012.07.17"]
[Round "4.12"]
[White "Kartsev, Alexandr"]
[Black "Heinzel, Peter"]
[Result "1-0"]
[WhiteElo "2208"]
[BlackElo "2083"]
[WhiteFideId "24647110"]
[BlackFideId "24682632"]
[EventDate "2012.07.14"]

1. e4 b6 2. d4 Bb7 3. Nc3 e6 4. Be3 Nf6 5. f3 d6 6. Qd2 Be7 7. O-O-O c6 8. g4 h6
9. h4 b5 10. Nh3 a5 11. g5 Ng8 12. f4 a4 13. Nb1 hxg5 14. hxg5 d5 15. f5 exf5
16. exf5 Bc8 17. Bd3 Na6 18. c3 b4 19. Nf2 Rxh1 20. Rxh1 bxc3 21. bxc3 Kd7 22.
Bf4 Bd6 23. Bxd6 Kxd6 24. Qf4+ Kd7 25. Rh8 Bb7 26. f6 Nc7 27. Bf5+ Ne6 28. Bxe6+
Kxe6 29. Nd3 1-0

[Event "Sparkassen Open A"]
[Site "Dortmund GER"]
[Date "2012.07.17"]
[Round "4.13"]
[White "Braeuer, Karl-Heinz"]
[Black "Joppien, Arne"]
[Result "1-0"]
[WhiteElo "2202"]
[BlackElo "2079"]
[WhiteFideId "4677218"]
[BlackFideId "4637500"]
[EventDate "2012.07.14"]

1. d4 Nf6 2. Nf3 e6 3. Bf4 b6 4. e3 Bb7 5. Nbd2 d6 6. c3 Be7 7. h3 Nbd7 8. a4 a5
9. Bb5 O-O 10. O-O c6 11. Be2 Qc7 12. Nc4 Ba6 13. Re1 Bxc4 14. Bxc4 e5 15. dxe5
Nxe5 16. Be2 Rad8 17. Qc2 Rfe8 18. Red1 Nd5 19. Bg3 Ng6 20. Bc4 Nf6 21. Qb3 Bf8
22. Ng5 Nh8 23. Bh2 h6 24. Nf3 Ng6 25. Nd4 Ne5 26. Be2 g6 27. Nf3 Nxf3+ 28. Bxf3
Ne4 29. Qc4 Qb7 30. Bxe4 d5 31. Bxd5 cxd5 32. Qb3 Bc5 33. Rd3 Re4 34. Rad1 Rc4
35. Qxc4 dxc4 36. Rxd8+ Kh7 37. Be5 g5 38. R1d5 Bf8 39. R8d7 Qc6 40. Rxf7+ Kg8
41. Rfd7 Qxa4 42. Rd8 Kf7 43. Bd4 Be7 44. Rf5+ Ke6 45. Rdd5 Qa1+ 46. Kh2 Bd6+
47. g3 Qxb2 48. e4 Bc7 49. Rf6+ Ke7 50. Rxh6 a4 51. Rh7+ Ke6 52. Rxc7 a3 53.
Rc6+ Ke7 54. Rxb6 Qc2 55. Ra5 Kd7 56. Ra7+ Kc8 57. Rxa3 Qxe4 58. Ra7 g4 59. Rh6 1-0

[Event "Sparkassen Open A"]
[Site "Dortmund GER"]
[Date "2012.07.17"]
[Round "4.16"]
[White "Schmuecker, Marcus"]
[Black "Lenaerts, Lennert"]
[Result "1-0"]
[WhiteElo "2173"]
[BlackElo "2044"]
[WhiteFideId "4658892"]
[BlackFideId "211435"]
[EventDate "2012.07.14"]

1. Nf3 Nf6 2. c4 g6 3. Nc3 Bg7 4. e4 d6 5. d4 O-O 6. h3 c5 7. d5 b5 8. cxb5 a6
9. a4 axb5 10. Bxb5 Ba6 11. Bd2 Bxb5 12. axb5 Rxa1 13. Qxa1 Qb6 14. O-O Ne8 15.
Qa4 Nc7 16. Ra1 Nd7 17. Qc4 Rb8 18. Ra2 Nxb5 19. Nxb5 Qxb5 20. Qxb5 Rxb5 21. Ra7
Nf8 22. Rxe7 Bxb2 23. Rc7 Bf6 24. Bf4 Bd8 25. Rc6 Rb4 26. Bxd6 Rxe4 27. Bxc5 Rc4
28. Bxf8 Rxc6 29. dxc6 Kxf8 30. Nd4 Ke7 31. Nb5 Bb6 32. Kf1 Ke6 33. Ke2 Ke7 34.
f3 Ke6 35. Kd3 h5 36. Ke4 Bc5 37. Kd3 Bb6 38. Kc4 Ke5 39. Nc3 Bd8 40. Ne2 Kd6
41. Kb5 Kd5 42. g3 Bc7 43. h4 Bd8 44. Nf4+ Kd6 45. Nh3 Kd5 46. Ng5 Bc7 47. Nxf7
Bxg3 48. Nh8 g5 49. hxg5 Ke6 50. Ng6 h4 51. Nxh4 Bxh4 52. c7 Kd7 53. g6 Bf6 54.
Kb6 Kc8 55. Kc6 Be7 56. g7 Bf8 57. gxf8=R# 1-0

[Event "Sparkassen Open A"]
[Site "Dortmund GER"]
[Date "2012.07.17"]
[Round "4.17"]
[White "Cebulla, Konstantin"]
[Black "Chilla, Jan Eric"]
[Result "0-1"]
[WhiteElo "1977"]
[BlackElo "2158"]
[WhiteFideId "1272025"]
[BlackFideId "24650900"]
[EventDate "2012.07.14"]

1. d4 Nf6 2. c4 e6 3. g3 Bb4+ 4. Bd2 Qe7 5. Bg2 Nc6 6. Nf3 Bxd2+ 7. Qxd2 Ne4 8.
Qc2 Qb4+ 9. Nc3 Nxc3 10. Qxc3 Qxc3+ 11. bxc3 d6 12. Rb1 Na5 13. Nd2 Rb8 14. c5
dxc5 15. dxc5 b6 16. O-O Ba6 17. Bf3 Ke7 18. Nb3 Nc4 19. Nd4 Ne5 20. Kg2 Rhd8
21. a4 bxc5 22. Nb3 Nxf3 23. Kxf3 Rd5 24. Na5 Rxb1 25. Rxb1 Rf5+ 26. Kg2 Bxe2
27. Nc6+ Kd7 28. Nxa7 Bf3+ 29. Kf1 Rd5 30. Ke1 c6 31. a5 Kc7 32. a6 Re5+ 33. Kf1
Be2+ 0-1

[Event "Sparkassen Open A"]
[Site "Dortmund GER"]
[Date "2012.07.17"]
[Round "4.18"]
[White "Sievert, Jan-Thorwald"]
[Black "Henkemeier, Michael"]
[Result "1-0"]
[WhiteElo "2149"]
[BlackElo "1898"]
[WhiteFideId "12940909"]
[BlackFideId "24611379"]
[EventDate "2012.07.14"]

1. e4 c6 2. Nc3 d5 3. Nf3 Bg4 4. h3 Bh5 5. exd5 cxd5 6. g4 Bg6 7. Bb5+ Nc6 8.
Ne5 Rc8 9. d4 a6 10. Bxc6+ bxc6 11. h4 f6 12. Nxg6 hxg6 13. Qd3 Kf7 14. h5 gxh5
15. Rxh5 Rxh5 16. gxh5 e6 17. Qxa6 Bd6 18. Qd3 Ne7 19. Be3 Nf5 20. Qa6 Bb4 21.
Qb7+ Be7 22. O-O-O Nd6 23. Qa6 Nc4 24. Rg1 Rb8 25. b3 Rb6 26. Qa7 Nd6 27. h6 g5
28. f4 Nc8 29. Qa8 Kg6 30. fxg5 fxg5 31. Na4 Ba3+ 32. Kb1 Rb4 33. Bxg5 1-0

[Event "Sparkassen Open A"]
[Site "Dortmund GER"]
[Date "2012.07.17"]
[Round "4.19"]
[White "Krueger, Andre"]
[Black "Schneidereit, Manfred"]
[Result "1-0"]
[WhiteElo "2143"]
[BlackElo "1820"]
[WhiteFideId "4665040"]
[BlackFideId "24622346"]
[EventDate "2012.07.14"]

1. Nf3 Nc6 2. d4 d5 3. c4 e5 4. dxe5 Bb4+ 5. Nbd2 dxc4 6. e3 Be6 7. Be2 Nge7 8.
Qc2 Qd5 9. O-O Bxd2 10. Bxd2 O-O 11. e4 Qb5 12. a4 Qa6 13. Rfc1 Qb6 14. Bxc4
Bxc4 15. Qxc4 Rad8 16. a5 Qxb2 17. Bc3 Nxa5 18. Bxa5 b5 19. Qb4 1-0

[Event "Sparkassen Open A"]
[Site "Dortmund GER"]
[Date "2012.07.17"]
[Round "4.20"]
[White "Imcke, Patrick"]
[Black "Baumhackel, Mario"]
[Result "1/2-1/2"]
[WhiteElo "1874"]
[BlackElo "2126"]
[WhiteFideId "4622502"]
[BlackFideId "4636953"]
[EventDate "2012.07.14"]

1. e4 d5 2. exd5 Qxd5 3. Nc3 Qa5 4. d4 Nf6 5. Bc4 c6 6. Nf3 Bf5 7. Bd2 e6 8. Nd5
Qd8 9. Nxf6+ Qxf6 10. Qe2 Bg4 11. d5 Bxf3 12. gxf3 cxd5 13. Bxd5 Nd7 14. Bc3 Bb4
15. Bxb4 Qxb2 16. O-O Qxb4 17. Rab1 Qe7 18. Bxb7 Rb8 19. Qa6 O-O 20. f4 Nc5 21.
Qa3 Rxb7 22. Rxb7 Qxb7 23. Qxc5 Rc8 24. Qd4 Qf3 25. Rb1 Qg4+ 26. Kh1 Qf3+ 27.
Kg1 Qg4+ 28. Kh1 Qf3+ 29. Kg1 Qg4+ 1/2-1/2

[Event "Sparkassen Open A"]
[Site "Dortmund GER"]
[Date "2012.07.17"]
[Round "4.24"]
[White "Fistoul, Michail"]
[Black "Zolfagharian, Kevin"]
[Result "1-0"]
[WhiteElo "2087"]
[BlackElo "1948"]
[WhiteFideId "24662976"]
[BlackFideId "12933570"]
[EventDate "2012.07.14"]

1. d4 d5 2. c4 Bf5 3. Nc3 e6 4. cxd5 exd5 5. Qb3 Nc6 6. Qa4 Qd7 7. Bf4 Nb4 8.
Qxd7+ Kxd7 9. O-O-O Nf6 10. f3 c6 11. g4 Be6 12. a3 Na6 13. h3 Nc7 14. e4 dxe4
15. fxe4 Bb3 16. Rd2 Ne6 17. Be3 Bd6 18. Nf3 Bc7 19. d5 cxd5 20. e5 Ng8 21. Bb5+
Ke7 22. Nxd5+ Bxd5 23. Rxd5 a6 24. Rd7+ Kf8 25. Bc4 Bd8 26. Bxe6 Rc8+ 27. Kb1
fxe6 28. Rxb7 Ne7 29. Nd4 1-0

[Event "Sparkassen Open A"]
[Site "Dortmund GER"]
[Date "2012.07.17"]
[Round "4.26"]
[White "Zimmermann, Dirk"]
[Black "Elefteriadis, Paul-Gabriel"]
[Result "1-0"]
[WhiteElo "2069"]
[BlackElo "1880"]
[WhiteFideId "4677498"]
[BlackFideId "24626236"]
[EventDate "2012.07.14"]

1. e4 e6 2. d4 d5 3. e5 Ne7 4. Nf3 b6 5. c3 Qd7 6. Na3 Ba6 7. Bd3 Bxd3 8. Qxd3
c5 9. O-O c4 10. Qe2 Nf5 11. Nc2 Nc6 12. Re1 Be7 13. Ne3 Nxe3 14. fxe3 b5 15. e4
dxe4 16. Qxe4 Qd5 17. Qe2 a5 18. Bf4 O-O 19. Nd2 a4 20. a3 Rae8 21. Qe4 Na5 22.
Rad1 Nb3 23. Qxd5 exd5 24. Nf1 Na5 25. Ne3 Nc6 26. Nxd5 Rd8 27. Ne3 Bh4 28. g3
g5 29. gxh4 gxf4 30. Nf5 Rfe8 31. Kf2 Rd5 32. Rg1+ Kf8 33. Nh6 1-0

[Event "Sparkassen Open A"]
[Site "Dortmund GER"]
[Date "2012.07.17"]
[Round "4.28"]
[White "Henkemeier, Markus"]
[Black "Kozlov, Alexander GER"]
[Result "1/2-1/2"]
[WhiteElo "1950"]
[BlackElo "2204"]
[WhiteFideId "1271859"]
[BlackFideId "4652908"]
[EventDate "2012.07.14"]

1. e4 d6 2. Nc3 Nf6 3. f4 e5 4. Nf3 Nc6 5. Bc4 Be7 6. d3 O-O 7. f5 Na5 8. Bg5 c6
9. Bxf6 Bxf6 10. Qd2 b5 11. Bb3 Nxb3 12. axb3 d5 13. g4 b4 14. Ne2 dxe4 15. dxe4
Qxd2+ 16. Kxd2 Bb7 17. Ra5 Rfd8+ 18. Ke3 Re8 1/2-1/2

[Event "Sparkassen Open A"]
[Site "Dortmund GER"]
[Date "2012.07.17"]
[Round "4.29"]
[White "Reisberg, Andre"]
[Black "Heinert, Eugen"]
[Result "1-0"]
[WhiteElo "1965"]
[BlackElo "2172"]
[WhiteFideId "1270630"]
[BlackFideId "24621390"]
[EventDate "2012.07.14"]

1. d4 Nf6 2. c4 e6 3. Nc3 d5 4. cxd5 exd5 5. Bg5 Nbd7 6. e3 Be7 7. Bd3 O-O 8.
Qc2 Re8 9. Nge2 Nf8 10. O-O c6 11. f3 h6 12. Bh4 Ne6 13. Rad1 b6 14. Kh1 Bb7 15.
e4 dxe4 16. fxe4 Ng4 17. Bf2 Bg5 18. e5 Re7 19. Bg1 Rd7 20. Ne4 Be3 21. Rf3 Bxg1
22. Kxg1 Nxd4 23. Nxd4 Rxd4 24. Nd6 Rxd6 25. exd6 c5 26. Bh7+ Kf8 27. Be4 Qh4
28. h3 Re8 29. d7 1-0

[Event "Sparkassen Open A"]
[Site "Dortmund GER"]
[Date "2012.07.17"]
[Round "4.30"]
[White "Boldt, Manfred"]
[Black "Eckardt, Joshua"]
[Result "0-1"]
[WhiteElo "1946"]
[BlackElo "2057"]
[WhiteFideId "24655970"]
[BlackFideId "12941646"]
[EventDate "2012.07.14"]

1. e4 c6 2. d4 d5 3. Nd2 dxe4 4. Nxe4 Bf5 5. Ng3 Bg6 6. Nf3 Nd7 7. h4 h6 8. h5
Bh7 9. Bd3 Bxd3 10. Qxd3 e6 11. Bf4 Qa5+ 12. c3 Ngf6 13. b4 Qa3 14. Bc1 Qa4 15.
O-O a5 16. Bd2 axb4 17. cxb4 Bxb4 18. Bxb4 Qxb4 19. Rfb1 Qd6 20. Rxb7 Nc5 21.
Qb1 Nxb7 22. Qxb7 O-O 23. Qb2 Ra5 24. Nd2 Rb5 25. Qc3 Nxh5 26. Nge4 Qb4 27. Qxc6
Qxd4 28. Rc1 Rb2 29. Rc4 Qd5 30. a4 Qxc6 31. Rxc6 f5 32. Nc4 Rb1+ 0-1

[Event "Sparkassen Open A"]
[Site "Dortmund GER"]
[Date "2012.07.17"]
[Round "4.32"]
[White "Butschek, Marc"]
[Black "Butschek, Tanja"]
[Result "1/2-1/2"]
[WhiteElo "1943"]
[BlackElo "2043"]
[WhiteFideId "4630904"]
[BlackFideId "24604640"]
[EventDate "2012.07.14"]

1. e4 c5 2. c3 b6 3. d4 e6 4. Nf3 Bb7 5. d5 Qc7 6. c4 g6 7. e5 exd5 8. cxd5 Bg7
9. Bf4 Nh6 10. Qd2 Ng4 11. e6 Be5 12. Nxe5 Nxe5 13. d6 Qc6 14. Bxe5 Rg8 15.
exf7+ Kxf7 16. Nc3 g5 17. b3 h6 18. Qd5+ Qxd5 19. Bc4 Re8 20. Nxd5 Rxe5+ 21.
Ne3+ Kg7 22. O-O Nc6 23. Nd5 Rf8 24. Rae1 Ref5 25. Ne7 R5f6 26. Nxc6 Bxc6 27.
Rd1 Re8 28. f3 Rff8 1/2-1/2

[Event "Sparkassen Open A"]
[Site "Dortmund GER"]
[Date "2012.07.17"]
[Round "4.33"]
[White "Simanowski, Mio"]
[Black "Wernert, Bruno"]
[Result "1-0"]
[WhiteElo "1858"]
[BlackElo "2040"]
[WhiteFideId "24687154"]
[BlackFideId "623288"]
[EventDate "2012.07.14"]

1. e4 c5 2. Nf3 g6 3. d4 cxd4 4. Nxd4 Bg7 5. Nc3 Nc6 6. Be3 Nf6 7. Bc4 O-O 8.
Bb3 a5 9. f3 d5 10. exd5 Nb4 11. Nde2 a4 12. Nxa4 Nfxd5 13. Bf2 Bf5 14. a3 Bxc2
15. Bxc2 Nxc2+ 16. Qxc2 Qa5+ 17. Nac3 Rfc8 18. Rc1 Nxc3 19. Nxc3 Bxc3+ 20. bxc3
Qe5+ 21. Qe2 Qxe2+ 22. Kxe2 Rxa3 23. Rhd1 e5 24. c4 Rc7 25. Bb6 Rc6 26. c5 e4
27. fxe4 Re6 28. Rc4 f5 29. Rdd4 fxe4 30. Rxe4 Ra2+ 31. Kf3 Ra3+ 32. Kg4 1-0

[Event "Sparkassen Open A"]
[Site "Dortmund GER"]
[Date "2012.07.17"]
[Round "4.35"]
[White "Rodemann, Edmund"]
[Black "Deinert, Wolfgang"]
[Result "1-0"]
[WhiteElo "2033"]
[BlackElo "1811"]
[WhiteFideId "4634462"]
[BlackFideId "4685229"]
[EventDate "2012.07.14"]

1. e4 e6 2. d4 d5 3. e5 c5 4. c3 Nc6 5. Nf3 Qb6 6. a3 a5 7. Bd3 Bd7 8. Bc2 cxd4
9. cxd4 Rc8 10. O-O Nh6 11. Nc3 Nf5 12. Bxf5 exf5 13. Nxd5 Qa7 14. Nc3 Nd8 15.
Qe2 Ne6 16. d5 Nd4 17. Nxd4 Qxd4 18. e6 fxe6 19. dxe6 1-0